| 000 | 00477nam a2200157Ia 4500 | ||
|---|---|---|---|
| 005 | 20250508154238.0 | ||
| 008 | 008 250505s9999 xx 000 0 eng d | ||
| 037 | _aBooks to be hide in OPAC | ||
| 040 |
_aFEDL _beng _cFEDL |
||
| 041 |
_aeng _2eng |
||
| 084 |
_a379.54825, MAD/O _qFEDL |
||
| 245 | 0 | _aReport on public instruction in the Madras presidency for the year 1935-36 | |
| 300 | _a69p. | ||
| 942 |
_cHB _h379.54825, MAD/O |
||
| 999 |
_c1349095 _d1349095 |
||